ბათუმის შოთა რუსთაველის სახელმწიფო უნივერსიტეტის ბიბლიოთეკა

Высшая математика в упражнениях и задачах часть 1 (ბიბ.ჩანაწერი № 38958)

000 -LEADER
fixed length control field 00704nam a2200205Ia 4500
001 - CONTROL NUMBER
control field 5408
003 - CONTROL NUMBER IDENTIFIER
control field GE_BSU
008 - FIXED-LENGTH DATA ELEMENTS--GENERAL INFORMATION
fixed length control field 181216s||||||||xx |||||||||||||| ||und||
040 ## - CATALOGING SOURCE
Transcribing agency GE_BSU
080 ## - UNIVERSAL DECIMAL CLASSIFICATION NUMBER
Universal Decimal Classification number 514(075.8)+517(075.8)
100 ## - MAIN ENTRY--PERSONAL NAME
Personal name Данко П.Е., Кожевникова Т.Я.,Попов А. Г.
245 ## - TITLE STATEMENT
Title Высшая математика в упражнениях и задачах часть 1
245 ## - TITLE STATEMENT
Remainder of title Учебное пособие для студ. вузов
260 ## - PUBLICATION, DISTRIBUTION, ETC.
Place of publication, distribution, etc. Москва
260 ## - PUBLICATION, DISTRIBUTION, ETC.
Name of publisher, distributor, etc. Высшая школа
260 ## - PUBLICATION, DISTRIBUTION, ETC.
Date of publication, distribution, etc. 1967
300 ## - PHYSICAL DESCRIPTION
Extent 300 с. 20 см.
653 ## - INDEX TERM--UNCONTROLLED
Uncontrolled term Высшая математика,упражнения,и задачах
942 ## - ADDED ENTRY ELEMENTS (KOHA)
Koha item type წიგნი
ეგზემპლარები
Withdrawn status Lost status Damaged status Not for loan Date acquired Barcode Date last seen Price effective from Koha item type
        2018-12-17 16348 2018-12-17 2018-12-17 წიგნი